<The> Accounting regulation: comparative analysis of some aspects of Serbian, Slovakian and Czech accounting regime

Zavádzanie novej účtovnej regulácie v Srbsku. Porovnanie s účtovnými pravidlami a reguláciou v Česku a na Slovensku. Implementácia IAS/IFRS v Srbsku, v Česku a na Slovensku.

Gespeichert in:
Bibliographische Detailangaben
1. Verfasser: Pavlovič, Vladan
Weitere Verfasser: Knežević, Gordanka, Surový, Vladimír
Format: Buchkapitel
Sprache:Englisch
Schlagworte:
Tags: Tag hinzufügen
Keine Tags, Fügen Sie das erste Tag hinzu!

MARC

LEADER 00000naa$a2200000$$$4500
001 0227357
005 20240502083611.5
041 0 |a eng 
044 |a RS 
245 1 0 |a <The> Accounting regulation: comparative analysis of some aspects of Serbian, Slovakian and Czech accounting regime  |c Vladan Pavlovič, Gordanka Knežević, Vladimír Surový 
520 |a Zavádzanie novej účtovnej regulácie v Srbsku. Porovnanie s účtovnými pravidlami a reguláciou v Česku a na Slovensku. Implementácia IAS/IFRS v Srbsku, v Česku a na Slovensku. 
610 2 0 |a účtovníctvo 
610 2 0 |a regulácia 
610 2 0 |a pravidlá účtovné 
610 2 0 |a štandardy účtovné medzinárodné 
610 2 0 |a IFRS 
610 2 0 |a Srbsko 
610 2 0 |a Slovensko 
610 2 0 |a Česko 
100 1 |a Pavlovič, Vladan 
700 1 |a Knežević, Gordanka 
700 1 |a Surový, Vladimír